Trenerzy Manchesteru United - nagła śmierć - Statystyki

Ogólne statystyki
  • Ten quiz został rozwiązany 233 razy
  • Średni wynik to 9 z 11
Answers on the Grid
Answers color-coded by a green-red scale on the quiz's grid according to % correct below.
Alex Ferguson
Pep Guardiola
José Mourinho
Jurgen Klopp
Antonio Conte
Ole Gunnar Solskjær
Thomas Tuchel
Diego Simeone
Erik ten Hag
Zinédine Zidane
David Moyes
Massimiliano Allegri
Lionel Scaloni
Louis van Gaal
Ralf Rangnick
Stefano Pioli
Rúben Amorim
Rafael Benítez
Steven Gerrard
Ruud van Nistelrooy
Julian Nagelsmann
Ryan Giggs
Paulo Fonseca
Michael Carrick
 
Statystyki odpowiedzi
Odpowiedź % Poprawnych
Alex Ferguson
99%
Ole Gunnar Solskjær
91%
Erik ten Hag
90%
José Mourinho
89%
Rúben Amorim
83%
Louis van Gaal
81%
David Moyes
77%
Ruud van Nistelrooy
77%
Michael Carrick
76%
Ralf Rangnick
73%
Ryan Giggs
71%
Nie znaleziono quizów pasujących do podanych kryteriów
Rozkład punktacji
Procent ludzi z każdym wynikiem
Percentyl według liczby udzielonych odpowiedzi
Twoja historia wyników
Nie rozwiązałeś tego quizu